[Event "EU-ch U20"]
[Site "Arnhem"]
[Date "1988.??.??"]
[Round "4"]
[White "Van Wely, Loek"]
[Black "Wessman, Richard"]
[Result "1-0"]
[WhiteElo "2325"]
[BlackElo "2345"]

1.d4 d6 2.Nf3 Bg4 3.h3 Bxf3 4.exf3 g6 5.Bd3 Bg7 6.O-O Nf6 7.c4 O-O 8.Nc3 Nc6
9.d5 Ne5 10.Be2 c6 11.f4 Ned7 12.Bf3 cxd5 13.cxd5 Rc8 14.Be3 a6 15.Re1 b5
16.a3 Ne8 17.Bd4 Rc4 18.Ne2 Nef6 19.b3 Rc8 20.Bb2 Nb6 21.Qd2 Rc5 22.Bd4 Rxd5
23.Bxd5 Nbxd5 24.Rac1 h5 25.Rc6 a5 26.Ra6 b4 27.Bxf6 Nxf6 28.axb4 axb4 29.Qxb4 Nd7
30.Qc4 Qb8 31.Rc6 Nc5 32.b4 Qb7 33.b5 Ra8 34.Qd5 Rb8 35.Rb1 Qa8 36.Ng3 Qa4
37.Rc7 Qxf4 38.Rxe7 Be5 39.Rb4 Qf6 40.Ra7  1-0

[Event "EU-ch U20"]
[Site "Arnhem"]
[Date "1988.??.??"]
[Round "9"]
[White "Horvath, Csaba"]
[Black "Van Wely, Loek"]
[Result "0-1"]
[WhiteElo "2390"]
[BlackElo "2325"]

1.e4 c5 2.Nf3 e6 3.d4 cxd4 4.Nxd4 Nf6 5.Nc3 d6 6.Be3 a6 7.Qd2 b5 8.f3 Bb7
9.O-O-O Nbd7 10.g4 h6 11.Bd3 Ne5 12.Rhe1 Nfd7 13.f4 Nxg4 14.Bg1 e5 15.Nf5 g6
16.Nxd6+ Bxd6 17.Be2 Bb4 18.Bxg4 Nf6 19.Qe2 Qe7 20.fxe5 Nxg4 21.Qxg4 Bxc3
22.bxc3 Bc8 23.Qg3 Qa3+ 24.Kb1 Be6 25.c4 Qa5 26.Rd6 Qb4+ 27.Kc1 Qxc4 28.Qb3 Qc8
29.Qb2 O-O 30.Be3 Kh7 31.Bd2 Qc4 32.a3 Rfc8 33.Rd4 Qc5 34.Rd6 a5 35.Be3 Qc4
36.Rd4 Qc7 37.Rd3 b4 38.Bd2 Rab8 39.axb4 axb4 40.Ree3 Ra8 41.Rd5 Ra1+  0-1

[Event "EU-ch U20"]
[Site "Arnhem"]
[Date "1988.??.??"]
[Round "12"]
[White "Van Wely, Loek"]
[Black "Kontic, Djordje"]
[Result "1-0"]
[WhiteElo "2325"]
[BlackElo "2370"]

1.d4 f5 2.Nc3 d5 3.Bg5 Nf6 4.Bxf6 exf6 5.e3 c6 6.Bd3 g6 7.h4 h5 8.Nf3 Bd6
9.Ne2 Be6 10.b3 Nd7 11.c4 Qe7 12.c5 Bc7 13.Qc2 O-O 14.O-O Ne5 15.dxe5 fxe5
16.Ng5 e4 17.Nf4 exd3 18.Qxd3 Bf7 19.b4 a6 20.g3 Be5 21.Rad1 Bf6 22.Nf3 Rfe8
23.Nd4 Qd7 24.a4 Re4 25.Kg2 Qe7 26.Rb1 Bxd4 27.exd4 g5 28.hxg5 Qxg5 29.Qd2 h4
30.Rb3 Qg7 31.Rd3 Kf8 32.Rh1 hxg3 33.Rxg3 Qf6 34.Rh7 Rxd4 35.Ng6+ Bxg6 36.Qh6+ Ke8
37.Rxg6  1-0

[Event "Dieren op"]
[Site "Dieren"]
[Date "1988.??.??"]
[Round "3"]
[White "Bottema, Tom"]
[Black "Van Wely, Loek"]
[Result "1-0"]
[WhiteElo "2240"]
[BlackElo "2325"]

1.d4 Nf6 2.Nf3 g6 3.Bg5 Bg7 4.Nbd2 d6 5.e4 O-O 6.c3 c6 7.Bd3 Nbd7 8.O-O e5
9.Re1 Qc7 10.a4 Re8 11.Nc4 Nf8 12.dxe5 dxe5 13.Bf1 Bg4 14.h3 Rad8 15.Qe2 Bc8
16.a5 Ne6 17.Be3 c5 18.Qc2 Nh5 19.Red1 Nhf4 20.g3 Nh5 21.Rxd8 Rxd8 22.Rd1 Bd7
23.Ng5 Bf6 24.Nxe6 Bxe6 25.Rxd8+ Bxd8 26.a6 bxa6 27.Qa4 Nf6 28.f3 Bc8 29.g4 Kg7
30.Qd1 Be7 31.Qd2 h5 32.g5 Nh7 33.h4 Bb7 34.Bf2 Nf8 35.Bh3 Bc6 36.Ne3 a5
37.Nd5 Qd6 38.c4 Bd8 39.Qe3 Bb6 40.Qc3 Ne6 41.Bxe6 Qxe6 42.Bg3 Kf8 43.Bxe5 Ke8
44.Bc7 Kd7 45.Bxb6 Bxd5 46.exd5 Qxb6 47.Qf6 Qb3 48.Qxf7+ Kd8 49.Qf6+ Kc7
50.Qe7+ Kb6 51.Qd6+ Kb7 52.Qc6+ Kb8 53.Qe8+ Kc7 54.Qf7+ Kd8 55.Qg8+ Kc7 56.Qh7+ Kb8
57.Qh8+ Kc7 58.Qh7+ Kb8 59.Qh8+ Kc7 60.Qg7+ Kd8 61.Qf6+ Kc7 62.Qe5+ Kb7 63.Qe7+ Kb6
64.Qd6+ Kb7 65.Qc6+ Kb8 66.Qxc5 Qxf3 67.Qd4 Qe2 68.d6 a4 69.d7 Qe1+ 70.Kg2 Qe2+
71.Kg3 Qe1+ 72.Kf3 Qf1+ 73.Ke3 Qe1+ 74.Kd3 Qd1+ 75.Kc3 Qb3+ 76.Kd2 Qb4+ 77.Kc2 Qb3+
78.Kb1  1-0

[Event "Dieren op"]
[Site "Dieren"]
[Date "1988.??.??"]
[Round "5"]
[White "Adler, Joel"]
[Black "Van Wely, Loek"]
[Result "0-1"]
[WhiteElo "2295"]
[BlackElo "2325"]

1.d4 Nf6 2.c4 g6 3.Nc3 Bg7 4.e4 O-O 5.Be3 d6 6.f3 e5 7.Nge2 Nbd7 8.Qd2 a6
9.O-O-O b5 10.cxb5 axb5 11.Nxb5 Rxa2 12.Na3 Ra1+ 13.Kc2 Rxd1 14.Kxd1 d5  0-1

[Event "Dieren op"]
[Site "Dieren"]
[Date "1988.??.??"]
[Round "7"]
[White "Van Wely, Loek"]
[Black "Krudde, Fitzgerald"]
[Result "1-0"]
[WhiteElo "2325"]
[BlackElo "2255"]

1.d4 Nf6 2.c4 g6 3.Nc3 Bg7 4.e4 d6 5.Nf3 O-O 6.Be2 Bg4 7.O-O Nfd7 8.Ne1 Bxe2
9.Nxe2 c5 10.Be3 Nc6 11.Rc1 cxd4 12.Nxd4 Qa5 13.a3 Qe5 14.Nef3 Qxe4 15.Re1 Qg4
16.h3 Qh5 17.Nxc6 bxc6 18.Bg5 Bxb2 19.Bxe7 Bxc1 20.Bxf8 Nxf8 21.Qxc1 Ne6
22.Qb2 Qc5 23.h4 Rf8 24.Nd2 d5 25.cxd5 cxd5 26.Qf6 Qxa3 27.h5 Re8 28.Nf3 Qe7
29.Qe5 Rd8 30.h6 Qf8 31.Qf6 Rd6 32.Ne5 Nd4 33.Qf4 Nf5 34.Ng4 d4 35.Rb1 d3
36.Qe5 f6 37.Nxf6+ Qxf6 38.Rb8+ Qd8 39.Qxd6  1-0

[Event "Lyngby op"]
[Site "Lyngby"]
[Date "1988.??.??"]
[Round "5"]
[White "Neumann, Joachim"]
[Black "Van Wely, Loek"]
[Result "1-0"]
[WhiteElo "2220"]
[BlackElo "2325"]

1.e4 c5 2.Nf3 e6 3.d4 cxd4 4.Nxd4 Nf6 5.Nc3 d6 6.g3 Be7 7.Bg2 O-O 8.O-O a6
9.Re1 Qc7 10.a4 Nc6 11.Nb3 b6 12.Be3 Bb7 13.h3 Ne5 14.Nd2 Nfd7 15.Qe2 Bf6
16.Bd4 Rac8 17.Rad1 Be7 18.Be3 Rfd8 19.f4 Nc6 20.Nf3 Na5 21.Nd4 Nc4 22.Bc1 Bf6
23.Bf1 Na5 24.Qf2 Qc5 25.Bg2 Qb4 26.g4 g6 27.f5 exf5 28.gxf5 Nc4 29.fxg6 hxg6
30.e5 Bxg2 31.exf6 Nxb2 32.Bxb2 Qxb2 33.Nf5 Qxc3 34.Ne7+ Kf8 35.Nxc8 Qxh3
36.Qxg2 Qxg2+ 37.Kxg2 Rxc8 38.Rxd6 Rxc2+ 39.Kf1 Rc7 40.Red1 Ke8 41.R1d2 Rb7
42.Re2+ Kd8 43.Re7 b5 44.axb5 axb5 45.Rxf7 b4 46.Rf8+ Kc7 47.Rxd7+ Kxd7 48.Rf7+ Kc6
49.Rxb7 Kxb7 50.f7 b3 51.f8=Q b2 52.Qg7+  1-0

[Event "Sas van Gent"]
[Site "Sas van Gent"]
[Date "1988.??.??"]
[Round "2"]
[White "Van Wely, Loek"]
[Black "Grooten, Herman"]
[Result "0-1"]
[WhiteElo "2325"]
[BlackElo "2325"]

1.e4 c5 2.Nf3 e6 3.c3 d5 4.exd5 exd5 5.d4 Nf6 6.Be2 Be7 7.O-O O-O 8.dxc5 Bxc5
9.Bg5 Be7 10.Nbd2 Nc6 11.Nb3 Re8 12.Re1 h6 13.Bh4 Bf5 14.Nfd4 Bh7 15.Bd3 Ne4
16.Bxe7 Rxe7 17.Bxe4 Bxe4 18.Nc5 Qb6 19.Ndb3 Rae8 20.f3 Bf5 21.Rxe7 Rxe7
22.Kh1 Qb5 23.Qxd5 Re5 24.Qd6 Qe2 25.Rg1 Qf2 26.Qd1 Qxb2 27.Nxb7 Re2 28.Qd6 Qxc3
29.N7c5 Qe3 30.h3 Bxh3 31.Ne4 Bf5 32.Qxc6 Kh7 33.Qc1 Qb6 34.Qf4 Bxe4 35.fxe4 Rf2
36.Qg4 Qe3 37.Qh3 Qxe4 38.Nc5 Qg6 39.Nd7 Qd6 40.Rb1 g6 41.Qg4 Rd2 42.Nb8 Rd4
43.Qh3 Rd5 44.Rf1 Rh5 45.Rxf7+ Kg8 46.Qxh5 gxh5 47.Rxa7 h4 48.Ra6 Qf4 49.Rc6 h3
50.gxh3 Qxb8 51.Rxh6 Qb7+ 52.Kh2 Qc7+ 53.Kg2 Qg7+  0-1

[Event "Sas van Gent"]
[Site "Sas van Gent"]
[Date "1988.??.??"]
[Round "8"]
[White "Van Wely, Loek"]
[Black "Vogel, Jaap"]
[Result "1/2-1/2"]
[WhiteElo "2325"]
[BlackElo "2265"]

1.e4 e6 2.d4 d5 3.Nd2 Nf6 4.e5 Nfd7 5.c3 c5 6.Bd3 Nc6 7.Ne2 a5 8.O-O cxd4
9.cxd4 Nb6 10.Nf3 h6 11.Nf4 Bd7 12.Qe2 Nb4 13.Bb1 Bc6 14.a3 Na6 15.Bd3 Qd7
16.Bd2 Nc7 17.Rfc1 Nc4 18.Bxc4 dxc4 19.Qxc4 Be7 20.Be3 O-O 21.Ne1 Bg5 22.Ned3 Bxf4
23.Nxf4 Nd5 24.Nh5 Qe7 25.Qe2 Qh4 26.h3 Qe4 27.Qg4 Qxg4 28.hxg4 a4 29.Bd2 Ra6
30.f3 Rb6 31.Bc3 Rc8 32.Rab1 Bb5 33.Bd2 Bc4 34.Ng3 Rcc6 35.Ne4 Bd3 36.Rxc6 bxc6
37.Rd1 Bc2 38.Rc1 Rxb2 39.Nc5 Bb3 40.Ba5 Nf4 41.Kf1 Nxg2 42.Rc3 Nf4 43.Ke1 Ng2+
44.Kf1 Nf4 45.Ke1 Rb1+ 46.Kf2 Nd5 47.Rd3 Bc4 48.Rd2 Rf1+ 49.Kg3 g5 50.Nxa4 Nf4
51.Nc3 Rg1+ 52.Kh2 Rf1 53.Kg3 Rg1+ 54.Kh2 Rf1 55.Kg3  1/2-1/2

[Event "Sas van Gent"]
[Site "Sas van Gent"]
[Date "1988.??.??"]
[Round "9"]
[White "Pirisi, Gabor"]
[Black "Van Wely, Loek"]
[Result "1-0"]
[WhiteElo "2370"]
[BlackElo "2325"]

1.e4 c5 2.Nf3 e6 3.d4 cxd4 4.Nxd4 Nf6 5.Nc3 d6 6.Be3 Nc6 7.f4 Be7 8.Qf3 O-O
9.O-O-O Qc7 10.Nb3 a6 11.g4 b5 12.Rg1 Nd7 13.g5 Nc5 14.Nxc5 dxc5 15.e5 Bb7
16.Ne4 Na5 17.Bd3 g6 18.Qh3 c4 19.Nf6+ Bxf6 20.gxf6 cxd3 21.Rxd3 Rfc8 22.c3 Kh8
23.Qh6 Rg8 24.Bb6 Qxb6 25.Qxh7+ Kxh7 26.Rh3+  1-0

[Event "EU-ch U20"]
[Site "Arnhem"]
[Date "1989.??.??"]
[Round "?"]
[White "Fogarasi, Tibor"]
[Black "Van Wely, Loek"]
[Result "1-0"]
[WhiteElo "2395"]
[BlackElo "2340"]

1.e4 c5 2.Nf3 e6 3.d4 cxd4 4.Nxd4 Nf6 5.Nc3 d6 6.g4 h6 7.h4 Nc6 8.Rg1 h5
9.gxh5 Nxh5 10.Bg5 Nf6 11.Qd2 Qb6 12.Nb3 a6 13.Be2 Bd7 14.h5 Nxh5 15.Rh1 g6
16.Bxh5 gxh5 17.Qe2 Be7 18.Rxh5 O-O-O 19.Be3 Qc7 20.O-O-O Ne5 21.f4 Nc4 22.Bd4 Rhg8
23.Kb1 Kb8 24.Rh7 Be8 25.f5 Ne5 26.Qe3 Ng4 27.Qh3 Nf6 28.fxe6 Nxh7 29.Nd5 Qc8
30.Nxe7 Ng5 31.Qh6 Qxe6 32.Nxg8 Nxe4 33.Nf6 Rc8 34.Qf4 Bc6 35.Nc5 Nd2+ 36.Qxd2 dxc5
37.Bc3 Ka8 38.b3 c4 39.b4 Qh3 40.Kb2  1-0

[Event "EU-ch U20"]
[Site "Arnhem"]
[Date "1989.??.??"]
[Round "?"]
[White "Degraeve, Jean Marc"]
[Black "Van Wely, Loek"]
[Result "1-0"]
[WhiteElo "2365"]
[BlackElo "2340"]

1.e4 d6 2.d4 Nf6 3.Nc3 g6 4.h3 Bg7 5.Nf3 O-O 6.Be3 c6 7.a4 b6 8.Be2 a6 9.O-O Bb7
10.e5 dxe5 11.dxe5 Nd5 12.e6 f5 13.Nxd5 cxd5 14.c4 f4 15.Bd4 dxc4 16.Bxg7 Kxg7
17.Qc2 b5 18.Qc3+ Rf6 19.Ne5 Qb6 20.Ng4 b4 21.Qxc4 Rxe6 22.a5 Qd6 23.Rad1 Re4
24.Qc1 Qe6 25.Bd3 Rd4 26.Qc7 Rd7 27.Qxf4 Qd5 28.Qh6+ Kg8 29.Ne3 Qf7 30.Bc4 e6
31.Ng4 Qf5 32.Rxd7 Nxd7 33.Qd2 Qe4 34.f3 Qxc4 35.Qxd7 Bd5 36.Nf6+ Kf8 37.Nxh7+ Kg8
38.Nf6+ Kf8 39.Qd6+ Kf7 40.Nxd5 Qxd5 41.Qxb4 Rc8 42.Qf4+ Kg7 43.Re1 Rc2 44.b4 Qa2
45.Qg5 Rb2 46.Kh2 Rb1 47.Qe7+ Kh8 48.Rxe6 Qf2 49.Qf8+  1-0

[Event "EU-ch U20"]
[Site "Arnhem"]
[Date "1989.??.??"]
[Round "?"]
[White "Van Wely, Loek"]
[Black "Sjodahl, Pontus"]
[Result "1/2-1/2"]
[WhiteElo "2340"]
[BlackElo "2280"]

1.d4 Nf6 2.c4 c5 3.d5 a6 4.Nf3 d6 5.g3 b5 6.Bg2 g6 7.O-O Bg7 8.a4 bxc4 9.Nc3 a5
10.h3 O-O 11.e4 Nbd7 12.Re1 Rb8 13.Qe2 Ba6 14.g4 Rb4 15.Qc2 Qb6 16.Re2 Rb8
17.Ra2 Ne8 18.Bf4 Rb3 19.e5 dxe5 20.Nxe5 Nxe5 21.Bxe5 Bxe5 22.Rxe5 Qf6 23.Re2 Nd6
24.Qd2 R8b7 25.Qe3 Kg7 26.Rd2 g5 27.Kf1 Qf4 28.Qxf4 gxf4 29.Ke2 Kf6 30.Kf3 h5
31.Kxf4 hxg4 32.hxg4 Rb8 33.g5+ Kg7 34.Re2 Kf8 35.Bh3 Bc8 36.Bg4 Bxg4 37.Kxg4 R8b7
38.f4 f5+ 39.Kh5 Kf7 40.g6+ Kg7 41.Kg5 Ne4+ 42.Nxe4 fxe4 43.f5 Rg3+ 44.Kf4 Rbb3
45.Ra3 Rxa3 46.bxa3 Rd3 47.Rxe4 Rd4 48.Kf3 Rd3+ 49.Ke2 Kf8 50.Rxc4 Rxd5 51.Rf4 Kg7
52.Ke3 Kf6 53.Rf1 Rd4 54.Rg1 Kg7 55.Rc1 Rxa4 56.Rxc5 Rxa3+ 57.Kf4 Ra1 58.Rc8 a4
59.Re8 Re1 60.Ra8 Ra1 61.Kg5 Rg1+ 62.Kf4 Ra1 63.Kg5  1/2-1/2

[Event "EU-ch U20"]
[Site "Arnhem"]
[Date "1989.??.??"]
[Round "?"]
[White "Van Wely, Loek"]
[Black "Markovic, Ivan"]
[Result "0-1"]
[WhiteElo "2340"]
[BlackElo "2370"]

1.d4 Nf6 2.c4 e6 3.Nc3 Bb4 4.Bd2 O-O 5.Nf3 d5 6.Qb3 a5 7.g3 dxc4 8.Qxc4 b6
9.Bg2 Bb7 10.a3 Be7 11.Bf4 Na6 12.O-O c5 13.Rfd1 Qc8 14.Qb5 cxd4 15.Nxd4 Bxg2
16.Kxg2 Bc5 17.Nb3 Nc7 18.Bxc7 Qxc7 19.Nxc5 bxc5 20.Na4 Rab8 21.Qc4 Qc6+
22.Kg1 Ne4 23.Rac1 h6 24.Rd4 Ng5 25.h4 Nh3+ 26.Kh2 e5 27.Rd5 Nxf2 28.Rxc5 Qg6
29.Rc6 Qf5 30.Kg1 Ne4 31.Rf1 Qxf1+ 32.Kxf1 Nd2+ 33.Ke1 Nxc4 34.Rxc4 Rfc8
35.Re4 f6 36.Kd2 Rb3 37.e3 g5  0-1

[Event "EU-ch U20"]
[Site "Arnhem"]
[Date "1989.??.??"]
[Round "?"]
[White "Van Wely, Loek"]
[Black "Bosch, Jeroen"]
[Result "1/2-1/2"]
[WhiteElo "2340"]
[BlackElo "2305"]

1.Nf3 Nf6 2.c4 e6 3.g3 d5 4.Bg2 Be7 5.O-O O-O 6.b3 c5 7.Bb2 Nc6 8.e3 dxc4
9.bxc4 Qd3 10.Qb3 Rd8 11.Rd1 a6 12.Qxd3 Rxd3 13.Nc3 Rd8 14.Rab1 Rb8 15.Ba1 Bd7
16.Kf1 Bd6 17.d3 Na5 18.a4 Kf8 19.Ke2 Be8 20.h3 h6 21.g4 Bc6 22.Ne1 Ke7 23.Rd2 g5
24.Bxc6 Nxc6 25.Nf3 Bc7 26.Rdb2 Na5 27.Rg1 Rg8 28.Rbb1 Rbd8 29.Na2 Rd7 30.Bc3 Rgd8
31.Nc1 Rb8 32.Nd2 e5 33.f3 Nc6 34.Nf1 Ba5 35.Ba1 Ke6 36.Ng3 Bb4 37.Nf5 Rh8
38.h4 Rh7 39.Rh1 Rd8 40.Na2 a5 41.e4 Rdh8 42.Rbg1 Kd7 43.Rf1 Ne8 44.Bb2 Nc7
45.Bc1 Ne6 46.Be3 Ncd4+ 47.Kf2 h5 48.Bxd4 cxd4 49.Rb1 Nc5 50.Rhd1 gxh4 51.g5 Rg8
52.Nxh4 Rxg5 53.Nxb4 axb4 54.Rxb4 Kc7 55.Rb5 Nxa4 56.Rdb1 b6 57.Ra1 Nc3 58.Rb3 Kb7
59.Rba3 Rhg7 60.Ra8 Rg8 61.R8a7+ Kc6 62.Rxf7 Rg3 63.Raa7 Kc5 64.Rfc7+ Kb4
65.Ra6 Na4 66.Rca7 Nc5 67.Rxb6+ Kc3 68.Ke2  1/2-1/2

[Event "Belfort op"]
[Site "Belfort"]
[Date "1989.??.??"]
[Round "1"]
[White "Van Wely, Loek"]
[Black "Gouy, J."]
[Result "1-0"]
[WhiteElo "2295"]
[BlackElo "1630"]

1.d4 d5 2.Nf3 Nf6 3.c4 e6 4.Nc3 Be7 5.Bg5 Nbd7 6.e3 c6 7.cxd5 cxd5 8.Bd3 h6
9.Bh4 O-O 10.O-O b6 11.h3 Bb7 12.Rc1 Rc8 13.Qb3 Nh5 14.Bxe7 Qxe7 15.Nb5 a6
16.Na7 Ra8 17.Nc6 Qd6 18.Qb4 Qxb4 19.Nxb4 a5 20.Rc7 Nhf6 21.Rxb7 axb4 22.Bb1 Rac8
23.Ne1 Rfd8 24.Nd3 b3 25.axb3 Ne4 26.Rd1 Nd6 27.Ra7 Kf8 28.Nb4 Ke8 29.Bd3 Ra8
30.Ra3 Rac8 31.Kf1 Rc7 32.Ke2 Rdc8 33.Na2 Ke7 34.Nc3 Rb7 35.Ba6 Rbb8 36.Bxc8 Rxc8
37.f3 b5 38.Na2 Nf6 39.Ra7+ Kd8 40.Rc1 Nd7 41.Rxc8+ Kxc8 42.Nb4 Nb8 43.Kd3 Kd8
44.g4 g6 45.Ra8 Kc7 46.Na6+ Kb7 47.Rxb8+ Kxa6 48.Rd8 Nb7 49.Rh8  1-0

[Event "Belfort op"]
[Site "Belfort"]
[Date "1989.??.??"]
[Round "6"]
[White "Govedarica, Radovan"]
[Black "Van Wely, Loek"]
[Result "1-0"]
[WhiteElo "2445"]
[BlackElo "2295"]

1.e4 d6 2.d4 Nf6 3.Nc3 g6 4.Nge2 Bg7 5.g3 O-O 6.Bg2 Nbd7 7.O-O c5 8.h3 a6
9.Be3 cxd4 10.Nxd4 Ne5 11.b3 Bd7 12.Nd5 e6 13.Nxf6+ Bxf6 14.Qd2 Qc7 15.Rad1 Rfd8
16.a4 Rac8 17.a5 Qc3 18.f4 Qxd2 19.Rxd2 Nc6 20.Nxc6 Bxc6 21.Bb6 Bc3 22.Rd3 Bb5
23.Rxc3 Rxc3 24.Bxd8 Bxf1 25.Bxf1 Rxc2 26.Be7 d5 27.exd5 exd5 28.g4 Rd2 29.f5 gxf5
30.gxf5 d4 31.Bc4 d3 32.Bb4 Rb2 33.Kf1 h5 34.Ke1 h4 35.Bd6 Ra2 36.b4 Re2+
37.Kd1 Re4 38.Bb3 Rd4 39.Bc5 Rd7 40.Kd2 Kg7 41.Bc4 Kf6 42.Bxd3 Ke5 43.Ke3 f6
44.Be4 Rg7 45.Bd4+ Kd6 46.Bxf6 Rg3+ 47.Kd4 Rxh3 48.Be5+  1-0

[Event "Dieren op"]
[Site "Dieren"]
[Date "1989.??.??"]
[Round "3"]
[White "Pirisi, Gabor"]
[Black "Van Wely, Loek"]
[Result "1-0"]
[WhiteElo "2390"]
[BlackElo "2295"]

1.e4 c5 2.Nf3 e6 3.d4 cxd4 4.Nxd4 Nf6 5.Nc3 d6 6.Be3 a6 7.g4 h6 8.Qf3 Nbd7
9.Qh3 Ne5 10.f3 Ng6 11.O-O-O b5 12.Qg2 b4 13.Nc6 Qc7 14.Nxb4 d5 15.Nd3 Bb7
16.h4 dxe4 17.fxe4 Rc8 18.Qd2 Nxg4 19.Bd4 Rd8 20.h5 Ne7 21.Bg1 Nc6 22.Qe2 Nce5
23.Bh3 Nf6 24.Bh2 Bd6 25.Nxe5 Bxe5 26.Nb5 axb5 27.Qxb5+ Nd7 28.Bxe5 Qxe5
29.Qxb7 O-O 30.Rxd7 Rb8 31.Qa7 Rfc8 32.Qd4 Qxh5 33.Rg1 e5 34.Qe3 Rb4 35.Rd6 Ra8
36.a3 Rd4 37.Rxd4 exd4 38.Qxd4  1-0

[Event "Dieren op"]
[Site "Dieren"]
[Date "1989.??.??"]
[Round "4"]
[White "Van Wely, Loek"]
[Black "Van Mil, Johannes A J"]
[Result "1/2-1/2"]
[WhiteElo "2295"]
[BlackElo "2370"]

1.d4 Nf6 2.c4 g6 3.Nc3 d5 4.Bf4 Bg7 5.Nf3 O-O 6.Rc1 dxc4 7.e3 Be6 8.h3 c5
9.Ng5 Bd5 10.e4 h6 11.exd5 hxg5 12.Bxb8 cxd4 13.Qxd4 Rxb8 14.Bxc4 b5 15.Bb3 a5
16.Qd2 a4 17.Bd1 b4 18.Nxa4 Qxd5 19.Qxd5 Nxd5 20.O-O Rfd8 21.Bb3 Nb6  1/2-1/2

[Event "Dieren op"]
[Site "Dieren"]
[Date "1989.??.??"]
[Round "8"]
[White "Bosboom, Manuel"]
[Black "Van Wely, Loek"]
[Result "1/2-1/2"]
[WhiteElo "2375"]
[BlackElo "2295"]

1.e4 c5 2.Nf3 e6 3.Nc3 d6 4.g3 Nc6 5.Bg2 g5 6.d3 h6 7.h4 g4 8.Ng1 h5 9.Nge2 Bg7
10.Be3 Nd4 11.Rb1 Ne7 12.O-O Nec6 13.a3 Be5 14.Nf4 Qf6 15.b4 b6 16.bxc5 dxc5
17.a4 Bd7 18.Nb5 Nxb5 19.axb5 Nd4 20.c3 Nxb5 21.d4 Bxf4 22.e5 Qg6 23.Bxf4 Nxc3
24.Qe1 Nd5 25.dxc5 Nxf4 26.Be4 Qh6 27.Bxa8 Nd3 28.Qc3 Nxc5 29.Ra1 a6 30.Qb4 O-O
31.Qxb6 Bb5 32.Rfb1 Na4 33.Qa7 Nc3 34.Rb2 Rd8 35.Bg2 Rd2 36.Rxd2 Qxd2 37.Qb8+ Kg7
38.Qd6 Ne2+ 39.Kh2 Nd4 40.Kg1 Ne2+ 41.Kh1 Nd4 42.Qe7 Qxf2 43.Qg5+ Kf8 44.Qxh5 Ne2
45.Qh6+  1/2-1/2

[Event "Dieren op"]
[Site "Dieren"]
[Date "1989.??.??"]
[Round "9"]
[White "Van Wely, Loek"]
[Black "Carlier, Bruno"]
[Result "1-0"]
[WhiteElo "2295"]
[BlackElo "2415"]

1.d4 Nf6 2.c4 e6 3.Nc3 Bb4 4.g3 O-O 5.Bg2 Bxc3+ 6.bxc3 d6 7.a4 a5 8.Rb1 Nc6
9.Ba3 Re8 10.e4 e5 11.d5 Nb8 12.c5 Na6 13.cxd6 cxd6 14.Ne2 Qc7 15.O-O Nc5
16.Qc2 Bd7 17.Bxc5 Qxc5 18.Rxb7 Qc4 19.Ra1 Rab8 20.Rxb8 Rxb8 21.Nc1 Rb4 22.Bf1 Qxe4
23.Bd3 Qe1+ 24.Kg2 Rxa4 25.Rb1 Ra3 26.Nb3 Qxb1 27.Qxb1 a4 28.Nd2 Rxc3 29.Qb8+ Ne8
30.Bb5 Rc8 31.Qb7 Rc7 32.Qb6 Bxb5 33.Qxb5 Kf8 34.Qxa4 Rc5 35.Qa8 f5 36.Nf3  1-0

[Event "Lyngby op"]
[Site "Lyngby"]
[Date "1989.??.??"]
[Round "4"]
[White "Rausis, Igors"]
[Black "Van Wely, Loek"]
[Result "1-0"]
[WhiteElo "2435"]
[BlackElo "2295"]

1.e4 d6 2.d4 Nf6 3.Nc3 g6 4.Be2 Bg7 5.h4 h5 6.Nf3 c6 7.Ng5 Na6 8.Bf4 Nc7
9.d5 Bd7 10.a4 a6 11.a5 Nb5 12.Nb1 Ng4 13.c3 b6 14.dxc6 Bxc6 15.Bxg4 hxg4
16.Qxg4 bxa5 17.Nd2 Rb8 18.O-O a4 19.Rxa4 Bd7 20.Qd1 Rxh4 21.g3 Rh5 22.Be3 Nc7
23.Ra2 Bh6 24.f4 Bxg5 25.fxg5 Be6 26.c4 Qd7 27.b3 Qc6 28.Rf2 Kd7 29.Rh2 Rxh2
30.Kxh2 Rh8+ 31.Kg1 Rh5 32.Qa1 Bf5 33.Qd4 e5 34.Qd3 Ke7 35.Ra4 Qa8 36.c5 d5
37.exf5 d4 38.f6+ Ke6 39.Ne4 dxe3 40.g4  1-0

[Event "Lyngby op"]
[Site "Lyngby"]
[Date "1989.??.??"]
[Round "6"]
[White "Van Wely, Loek"]
[Black "Brinck Claussen, Bjorn"]
[Result "0-1"]
[WhiteElo "2295"]
[BlackElo "2375"]

1.d4 d5 2.Nf3 e6 3.c4 c5 4.cxd5 exd5 5.Nc3 Nc6 6.g3 Nf6 7.Bg2 Be7 8.O-O O-O
9.Bg5 cxd4 10.Nxd4 h6 11.Be3 Re8 12.Qb3 Na5 13.Qc2 Bg4 14.Rfd1 Rc8 15.Nf5 Bb4
16.h3 Bxf5 17.Qxf5 Bxc3 18.bxc3 Nc4 19.Bd4 b6 20.Rab1 Nd6 21.Bxf6 Qxf6 22.Qxd5 Rxe2
23.Bf3 Rc2 24.Rb4 g5 25.Rd3 R8xc3 26.Rbd4 Rxd3 27.Rxd3 Nc4 28.Qd8+ Kg7 29.Qxf6+ Kxf6
30.Rd7 Ne5 31.Bd1 Rc1 32.Rd8 Ke7 33.Rd5 Ke6 34.Rd8 Nd7 35.Re8+ Kd6 36.Re1 Ne5
37.Kg2 Nd3 38.Rf1 f5 39.Kf3 Nb2 40.Be2 Rxf1 41.Bxf1 Nd1 42.Bc4 Ke5 43.Ke2 Nc3+
44.Kd3 Ne4 45.Ke3 f4+ 46.gxf4+ gxf4+ 47.Ke2 b5 48.Bg8 a5 49.h4 b4 50.Kd3 Nxf2+
51.Kc4 Ne4 52.Kb5 Nd6+  0-1

[Event "NLD-chJ"]
[Site "?"]
[Date "1989.??.??"]
[Round "8"]
[White "Van Wely, Loek"]
[Black "Bosman, Michiel"]
[Result "1/2-1/2"]
[WhiteElo "2295"]
[BlackElo "2330"]

1.d4 Nf6 2.c4 e5 3.dxe5 Ng4 4.Bf4 Nc6 5.Nf3 Bb4+ 6.Nbd2 Qe7 7.a3 Ngxe5 8.Nxe5 Nxe5
9.e3 Bxd2+ 10.Qxd2 d6 11.Be2 a5 12.Rc1 O-O 13.O-O a4 14.c5 dxc5 15.Qd5 Ng6
16.Bg3 Ra5 17.Rfd1 Re8 18.Bc4 Ra7 19.Be2 Ra5 20.h3 Nf8 21.Rd2 h6 22.Rcd1 Ra7
23.Qh5 Be6 24.Bb5 c6 25.Bd6 Qg5 26.Qxg5 hxg5 27.Bxc5 Ra5 28.Rd8 Rxd8 29.Rxd8 Rxb5
30.Rxf8+ Kh7 31.Bd4 c5 32.Be5 Rb3 33.Rb8 b6 34.Rb7 Kg6 35.Rc7 Rd3 36.Rc6 Rd5
37.Bc3 b5 38.Rb6 b4 39.axb4 cxb4 40.Bxb4 Rd1+ 41.Kh2 Rb1 42.Ba3 Kh7 43.Rb5 f6
44.Rb7 Kg8 45.Ra7 Bb3 46.Rd7 Rd1 47.Rb7 Rd2 48.Kg3 Re2 49.Rb4 Kf7 50.h4 gxh4+
51.Rxh4 Rd2 52.Rb4 Rc2 53.Rb7+ Kg8 54.Ra7 Re2 55.Rd7 Rc2 56.e4 Re2 57.Kf3 Rc2
58.g4 Rc1 59.g5 fxg5 60.Rd8+ Kf7 61.Kg4 Rd1 62.Rxd1 Bxd1+ 63.Kxg5 g6 64.Kf4 Ke6
65.Ke3  1/2-1/2

[Event "Wch U20"]
[Site "Tunja"]
[Date "1989.??.??"]
[Round "4"]
[White "Van Wely, Loek"]
[Black "Huda, Rehan"]
[Result "1-0"]
[WhiteElo "2320"]
[BlackElo "2230"]

1.d4 Nf6 2.c4 c5 3.d5 b5 4.Nf3 b4 5.Nbd2 d6 6.g3 e5 7.dxe6 Bxe6 8.Bg2 Nc6
9.Ng5 Qd7 10.Nxe6 fxe6 11.O-O Be7 12.e4 e5 13.f4 exf4 14.gxf4 O-O 15.Nf3 Rae8
16.Ng5 Nd8 17.Bh3 Qc7 18.Qd3 h6 19.Nf3 Qb7 20.e5 Ne4 21.Re1 Ng5 22.Nxg5 hxg5
23.Bg2 Qc8 24.Bd5+ Nf7 25.e6 Nh6 26.fxg5 Ng4 27.Qh3 Nf2 28.Qh5 Rf5 29.Rf1 Ref8
30.Rxf2 R8f6 31.Rxf5 Rxf5 32.Qh3 g6 33.Qh6 Qf8 34.Qxg6+ Kh8 35.Qh6+ Qxh6
36.gxh6 Re5 37.Bf4  1-0

[Event "Wch U20"]
[Site "Tunja"]
[Date "1989.??.??"]
[Round "5"]
[White "Van Wely, Loek"]
[Black "Gdanski, Jacek"]
[Result "0-1"]
[WhiteElo "2320"]
[BlackElo "2405"]

1.d4 Nf6 2.c4 c5 3.d5 g6 4.Nc3 d6 5.e4 Bg7 6.Nf3 O-O 7.Be2 e6 8.O-O Re8 9.Nd2 Na6
10.Re1 Nc7 11.Nf1 Rb8 12.Ng3 exd5 13.exd5 a6 14.a4 b5 15.axb5 axb5 16.cxb5 Bd7
17.Bf4 Bxb5 18.Nxb5 Nxb5 19.Ra6 Bf8 20.Bxb5 Rxe1+ 21.Qxe1 Rxb5 22.Bg5 h6
23.Bxf6 Qxf6 24.Ra8 Rxb2 25.Ne4 Qd4 26.h4 Kg7 27.h5  0-1

[Event "Wch U20"]
[Site "Tunja"]
[Date "1989.??.??"]
[Round "7"]
[White "Van Wely, Loek"]
[Black "Serper, Grigory"]
[Result "1/2-1/2"]
[WhiteElo "2320"]
[BlackElo "2420"]

1.d4 Nf6 2.c4 e6 3.Nc3 Bb4 4.g3 c5 5.Nf3 cxd4 6.Nxd4 Ne4 7.Qd3 Bxc3+ 8.bxc3 Nc5
9.Qd2 b6 10.Nb5 O-O 11.Nd6 Bb7 12.Nxb7 Nxb7 13.Ba3 Re8 14.Bg2 Nc6 15.Rd1 Qf6
16.O-O Red8 17.Qc2 Rac8 18.Qa4 Nba5 19.Bb4 Nxc4 20.Bxc6 dxc6 21.Qa6 c5 22.Qxc4 cxb4
23.Qxb4 g6 24.Qa4 Qe7 25.Rxd8+ Rxd8 26.Rd1 Rxd1+ 27.Qxd1 Qc5 28.Qa4 a5 29.c4 Kf8
30.Qb3 Ke7 31.Qd3 Qe5 32.Kg2 Qb2 33.a3 Qe5 34.h4 h5 35.f4 Qd6 36.Kf3 Kd7
37.Ke3 Kc6 38.Kd2 Qxd3+ 39.exd3 b5 40.Kc3 Kc5 41.d4+ Kb6 42.cxb5 Kxb5 43.Kb3 Kb6
44.Kc4 Kc6 45.a4 f6 46.Kc3 Kd5 47.Kd3 f5 48.Kc3 Ke4  1/2-1/2

[Event "Wch U20"]
[Site "Tunja"]
[Date "1989.??.??"]
[Round "10"]
[White "Van Wely, Loek"]
[Black "Rodriguez, Andres"]
[Result "1-0"]
[WhiteElo "2320"]
[BlackElo "2295"]

1.d4 e6 2.c4 Nf6 3.Nc3 Bb4 4.g3 O-O 5.Bg2 c5 6.Nf3 Ne4 7.Qd3 Qa5 8.Qxe4 Bxc3+
9.Bd2 Bxd2+ 10.Nxd2 cxd4 11.Qxd4 Nc6 12.Qd6 Qb4 13.Qxb4 Nxb4 14.O-O d5 15.a3 Nc2
16.Rad1 Bd7 17.cxd5 Bb5 18.Be4 Nd4 19.Nf3 Nxe2+ 20.Kg2 e5 21.d6 Nd4 22.Rfe1 Nc6
23.Bd5 Rfe8 24.b3 Rad8 25.a4 Ba6 26.Bxc6 bxc6 27.Rxe5 Rxe5 28.Nxe5 f6 29.Nc4 Kf7
30.Na5 Rd7 31.f3 c5 32.Rd5 Ke6 33.Rxc5 Rxd6 34.g4 Rd2+ 35.Kg3 Bf1 36.h4 g6
37.Kf4 Rd3 38.Rc6+ Kf7 39.g5 f5 40.Rc2 a6 41.Rf2 Rd1 42.Ke5 Bd3 43.Nc6 Rb1
44.Kd4 Bf1 45.Kc5 Ke6 46.Nd4+ Ke5 47.b4 Kf4 48.Rc2 Kg3 49.b5 axb5 50.axb5 Kxh4
51.b6 Kxg5 52.Rc3 h5 53.Kc6 h4 54.Rb3 Rxb3 55.Nxb3 Ba6 56.Nc5 Be2 57.Ne4+ fxe4
58.b7 Bxf3 59.b8=Q Kg4 60.Kc5 g5 61.Qe5  1-0

[Event "Dieren op"]
[Site "Dieren"]
[Date "1990.??.??"]
[Round "1"]
[White "Jonker, Marc"]
[Black "Van Wely, Loek"]
[Result "1/2-1/2"]
[WhiteElo "2215"]
[BlackElo "2400"]

1.e4 c5 2.Nf3 e6 3.d4 cxd4 4.Nxd4 Nf6 5.Nc3 d6 6.Be3 a6 7.Qd2 b5 8.f3 Bb7
9.g4 h6 10.O-O-O Nbd7 11.Bd3 Ne5 12.Rhe1 Nfd7 13.Kb1 Nc5 14.h3 g5 15.Qf2 b4
16.Nce2 Be7 17.Ng3 Qc7 18.Nb3 O-O-O 19.f4 gxf4 20.Bxf4 Kb8 21.Nh5 Nxb3 22.cxb3 Bg5
23.Qe3 Bxf4 24.Nxf4 Qc5 25.Qe2 Qb6 26.Ng2 d5 27.exd5 Rxd5 28.Be4 Rxd1+ 29.Rxd1 Qb5
30.Qe3 Bxe4+ 31.Qxe4 Rc8 32.Ne3 Qc5 33.Nd5 Nc6 34.Qf4+ e5 35.Qe3 Qxe3 36.Nxe3 Nd4
37.Nc4 Nf3 38.Rd7 Rc7 39.Rd6 e4 40.Rd8+ Ka7 41.Re8 Ng5 42.Nd6 Nxh3 43.Rxe4 Rd7
44.Nf5 a5 45.Nxh6 f6 46.Kc2 Rh7 47.Ng8 Nf2 48.Rd4 Rh2 49.Rd2 Nxg4 50.Rxh2  1/2-1/2